| 000 | 00638nam a22001817a 4500 | ||
|---|---|---|---|
| 003 | BUBTL | ||
| 008 | 190511b xxu||||| |||| 00| 0 eng d | ||
| 020 | _a978-984-8942-90-1 | ||
| 082 | _a954.92 / MAM | ||
| 100 |
_91810 _aমামুন, মুনতাসীর |
||
| 245 |
_aমুক্তিযুদ্ধ কোষ ( সপ্তম খণ্ড ) / _cমুনতাসীর মামুন |
||
| 260 |
_aঢাকা : _bসময়, _cc2013 |
||
| 300 |
_a624 p. : _c22 cm. |
||
| 650 | 0 |
_91755 _aমুক্তিযুদ্ধ |
|
| 856 |
_k0 _l0 _yDownload |
||
| 942 |
_2ddc _cBK |
||
| 999 |
_c6053 _d6053 |
||